[Event "Kramnik Challenge 2021"]
[Site "chess24.com INT"]
[Date "2021.08.14"]
[Round "9.5"]
[White "Mendonca, Leon Luke"]
[Black "Maurizzi, Marc Andria"]
[Result "1/2-1/2"]
[WhiteTitle "GM"]
[BlackTitle "IM"]
[WhiteElo "2537"]
[BlackElo "2488"]
[WhiteFideId "35028561"]
[BlackFideId "36083534"]
[EventDate "2021.08.12"]

1. Nf3 Nf6 2. c4 b6 3. g3 Bb7 4. Bg2 g6 5. O-O Bg7 6. d4 O-O 7. d5 Na6 8. Nc3
Nc5 9. Nd4 a5 10. e4 e5 11. Nb3 Nxb3 12. axb3 d6 13. Bg5 h6 14. Be3 Nd7 15. Qc2
Nc5 16. Bxc5 dxc5 17. Rad1 f5 18. d6 cxd6 19. exf5 Bxg2 20. Kxg2 gxf5 21. Qd2
Rf6 22. Rfe1 Qc8 23. Nb5 Qc6+ 24. Qd5+ Qxd5+ 25. Rxd5 Bf8 26. Red1 e4 27. Nxd6
Bxd6 28. Rxd6 Raf8 29. Kf1 Kg7 30. Rxf6 Rxf6 31. Ke2 Kg6 32. Ke3 Kg5 33. h3 h5
34. Rd8 Rg6 35. Rd5 Rf6 36. f4+ exf3 37. Kxf3 h4 38. g4 Kg6 39. Kf4 fxg4+ 40.
Kxg4 Rf2 41. Rd6+ Kg7 42. Rxb6 Rxb2 43. Rb5 Kf6 44. Kxh4 Kg6 45. Kg4 Kf6 46. h4
Rg2+ 47. Kh5 Rg3 48. Rxa5 Rxb3 49. Rxc5 Rg3 50. Rg5 Rc3 51. Rg4 Kf5 52. c5 Kf6
53. Rg6+ Kf7 54. Rg5 Rc4 55. Rf5+ Ke6 56. Rg5 Kf7 57. Rd5 Ke6 58. Rd6+ Ke7 59.
Rd5 Ke6 60. Rg5 Kf7 1/2-1/2

[Event "Kramnik Challenge 2021"]
[Site "chess24.com INT"]
[Date "2021.08.14"]
[Round "9.6"]
[White "Liang, Awonder"]
[Black "Bjerre, Jonas Buhl"]
[Result "1-0"]
[WhiteTitle "GM"]
[BlackTitle "GM"]
[WhiteElo "2587"]
[BlackElo "2550"]
[WhiteFideId "2056437"]
[BlackFideId "1444948"]
[EventDate "2021.08.12"]

1. Nf3 c5 2. e4 d6 3. Bb5+ Bd7 4. c4 Nf6 5. Nc3 e6 6. O-O Be7 7. Bxd7+ Nbxd7 8.
d4 cxd4 9. Nxd4 a6 10. b3 Qa5 11. Qd2 Rc8 12. Bb2 O-O 13. Rad1 Qh5 14. h3 Bd8
15. Nde2 Bc7 16. Ng3 Qh4 17. Nce2 Nxe4 18. Nxe4 Qxe4 19. Ng3 Qg6 20. Rfe1 Rfd8
21. Re4 Ne5 22. Qe2 f5 23. Red4 Nf7 24. Qf3 b5 25. Qb7 d5 26. cxd5 Bxg3 27. fxg3
e5 28. R4d2 Nd6 29. Qxa6 Qxg3 30. Re2 e4 31. Qa7 Qg6 32. Be5 Nf7 33. Bh2 Qh5 34.
Red2 Qg5 35. d6 e3 36. Re2 f4 37. d7 Ra8 38. Qb7 Qh5 39. Ree1 Qf5 40. Qf3 g5 41.
Rxe3 Qc5 42. Bxf4 gxf4 43. Qxf4 Ra6 44. Kh1 Qc2 45. Re8+ Kg7 46. Qd4+ Rf6 47.
Rf1 Qg6 48. Re6 Rxd7 49. Qxf6+ Qxf6 50. Rexf6 1-0

[Event "Kramnik Challenge 2021"]
[Site "chess24.com INT"]
[Date "2021.08.14"]
[Round "9.7"]
[White "Saduakassova, Dinara"]
[Black "Shuvalova, Polina"]
[Result "1/2-1/2"]
[WhiteTitle "IM"]
[BlackTitle "IM"]
[WhiteElo "2483"]
[BlackElo "2507"]
[WhiteFideId "13700090"]
[BlackFideId "24171760"]
[EventDate "2021.08.12"]

1. d4 Nf6 2. Nf3 e6 3. Bf4 d5 4. e3 Bd6 5. Bd3 c5 6. c3 O-O 7. Nbd2 b6 8. O-O
Bxf4 9. exf4 Ba6 10. Bxa6 Nxa6 11. Ne5 Nc7 12. Qf3 Nb5 13. dxc5 bxc5 14. f5 exf5
15. Qxf5 Nd6 16. Qf3 Qb6 17. b3 Rfe8 18. Rfe1 a5 19. c4 d4 20. Nd3 a4 21. b4 Nb7
22. b5 Nd6 23. Qc6 Qxc6 24. bxc6 Rec8 25. Re5 Rxc6 26. Rxc5 Rac8 27. Rxc6 Rxc6
28. Rb1 g6 29. Rb4 a3 30. c5 Nde4 31. Nxe4 Nxe4 32. f3 Nc3 33. Kf2 Kg7 34. Rxd4
Nxa2 35. Ra4 Nc3 36. Rxa3 Nd5 37. Ra7 Rc8 38. Rd7 Nf6 39. Rb7 Nd5 40. h4 h5 41.
Rd7 Nf6 42. Rd6 Ne8 43. Rb6 Nf6 44. Ra6 Nd5 45. Ra7 Kf6 46. Rd7 Ne7 47. g4 hxg4
48. fxg4 Rh8 49. Kg3 Ra8 50. g5+ Ke6 51. Rd6+ Kf5 52. Rf6+ Ke4 53. Nf2+ Kd5 54.
Rxf7 Nf5+ 55. Rxf5+ gxf5 56. Kf4 Ra4+ 57. Kxf5 Rxh4 58. g6 Rh8 59. Nd3 Rf8+ 60.
Kg5 Kc4 61. g7 Rc8 62. Kg6 Kxd3 63. Kh7 Kd4 64. c6 Kd5 65. g8=Q+ Rxg8 66. Kxg8
Kxc6 1/2-1/2

[Event "Kramnik Challenge 2021"]
[Site "chess24.com INT"]
[Date "2021.08.14"]
[Round "9.8"]
[White "Sokolovsky, Yahli"]
[Black "Yoo, Christopher Woojin"]
[Result "1/2-1/2"]
[WhiteTitle "FM"]
[BlackTitle "IM"]
[WhiteElo "2415"]
[BlackElo "2466"]
[WhiteFideId "2820242"]
[BlackFideId "30909694"]
[EventDate "2021.08.12"]

1. e4 c5 2. Nf3 e6 3. d4 cxd4 4. Nxd4 Nf6 5. Nc3 Qb6 6. e5 Bc5 7. Be3 Nd5 8.
Nxd5 exd5 9. Nb5 Bxe3 10. fxe3 O-O 11. Qd4 Qa5+ 12. Qd2 Qxd2+ 13. Kxd2 Nc6 14.
Nc7 Rb8 15. Nxd5 Nxe5 16. Ne7+ Kh8 17. a4 b6 18. Nxc8 Rfxc8 19. b3 Rc6 20. Ba6
Rg6 21. Rhg1 Kg8 22. Ke2 Re8 23. h3 Rge6 24. Rad1 R8e7 25. Bb5 Nc6 26. Rd3 Nb4
27. Bxd7 Re5 28. Rc3 g6 29. Rd1 Nd5 30. Rc8+ Kg7 31. Bc6 Nc3+ 32. Kd2 Nxd1 33.
Kxd1 Rxe3 34. Bf3 R3e5 35. b4 b5 36. axb5 Rxb5 37. c3 a5 38. Bc6 Rb6 39. b5 Re5
40. Ra8 Rbxb5 41. Bxb5 Rxb5 42. Ke2 Kf6 43. c4 Rb2+ 44. Kf3 Ra2 45. c5 Ke6 46.
c6 Rc2 47. Rxa5 Rxc6 48. Rb5 h6 49. Ra5 f5 50. Ra8 Rc3+ 51. Kf2 Kf6 52. Ra4 g5
53. Ra6+ Kg7 54. Ke2 h5 55. Kf2 f4 56. Ra5 Rg3 57. Ra6 h4 58. Rc6 Re3 59. Rb6
Kf7 60. Ra6 Rb3 61. Rd6 Ra3 62. Rc6 Rd3 63. Rb6 Ke7 64. Rg6 Rd5 65. Kf3 Kf7 66.
Rb6 Rd3+ 67. Kf2 Re3 68. Ra6 Re6 69. Ra5 Kf6 70. Rb5 Ra6 71. Kf3 Ra3+ 72. Kf2
Rg3 73. Rb6+ Ke5 74. Rb5+ Kd4 75. Ra5 Ke4 76. Ra4+ Kf5 77. Ra5+ Kg6 78. Ra6+ Kh5
79. Rf6 Re3 80. Rd6 Ra3 81. Rc6 Ra7 82. Rd6 Rg7 83. Rf6 Rg6 84. Rf7 Ra6 85. Rg7
Kh6 86. Rg8 Ra5 87. Kf3 Ra3+ 88. Kf2 Rg3 89. Rf8 Kg6 90. Kf1 Ra3 91. Kf2 Ra5 92.
Rb8 Kf5 93. Rb4 Re5 94. Ra4 Rd5 95. Rb4 Ke5 96. Kf3 Rd3+ 97. Kf2 Re3 98. Rb5+
Kf6 99. Ra5 Re5 100. Ra4 Kf5 101. Kf3 Rb5 102. Ra8 Rb2 103. Ra5+ Kg6 104. Rc5
Rb3+ 105. Kf2 Rg3 106. Rc6+ Kf5 107. Rc8 f3 108. Rf8+ Ke4 109. gxf3+ Ke5 110.
Rg8 Kf6 111. Rf8+ Kg6 112. f4 g4 113. hxg4 Rxg4 114. Rg8+ Kf5 115. Rxg4 Kxg4
116. Kg2 Kxf4 117. Kh3 Kf3 118. Kxh4 1/2-1/2

[Event "Kramnik Challenge 2021"]
[Site "chess24.com INT"]
[Date "2021.08.14"]
[Round "10.1"]
[White "Yip, Carissa"]
[Black "Yoo, Christopher Woojin"]
[Result "1/2-1/2"]
[WhiteTitle "IM"]
[BlackTitle "IM"]
[WhiteElo "2404"]
[BlackElo "2466"]
[WhiteFideId "2090732"]
[BlackFideId "30909694"]
[EventDate "2021.08.12"]

1. e4 c5 2. Nf3 a6 3. c4 Nc6 4. d4 cxd4 5. Nxd4 e5 6. Nf5 d5 7. cxd5 Bxf5 8.
exf5 Nd4 9. Nc3 Nf6 10. Bc4 b5 11. Bb3 h6 12. f4 Bd6 13. O-O O-O 14. Kh1 Re8 15.
fxe5 Bxe5 16. Bf4 Nxb3 17. axb3 Bxc3 18. bxc3 Nxd5 19. c4 Nxf4 20. Qxd8 Raxd8
21. Rxf4 Re3 22. h3 Rxb3 23. Rxa6 Rb4 24. Rc6 h5 25. Re4 Rb2 26. Re3 h4 27. Re4
b4 28. Rb6 f6 29. c5 b3 30. c6 Rc8 31. Rxh4 Rc2 32. Rhb4 R8xc6 33. Rb8+ Kf7 34.
R4b7+ Rc7 35. Rxc7+ Rxc7 36. Rxb3 Rc5 37. Rf3 Kg8 38. Kh2 Kh7 39. Kg3 Kh6 40.
Kh4 Rc2 41. g4 Rg2 42. Rg3 Ra2 43. Rd3 Ra5 44. Kg3 g6 45. Rf3 gxf5 46. Rxf5 Rxf5
47. gxf5 Kg5 48. h4+ Kxf5 49. Kf3 Kg6 50. Kf4 Kh5 51. Kf5 Kxh4 52. Kxf6 1/2-1/2

[Event "Kramnik Challenge 2021"]
[Site "chess24.com INT"]
[Date "2021.08.14"]
[Round "10.2"]
[White "Shuvalova, Polina"]
[Black "Sokolovsky, Yahli"]
[Result "1-0"]
[WhiteTitle "IM"]
[BlackTitle "FM"]
[WhiteElo "2507"]
[BlackElo "2415"]
[WhiteFideId "24171760"]
[BlackFideId "2820242"]
[EventDate "2021.08.12"]

1. e4 e5 2. Nf3 Nc6 3. Bb5 a6 4. Ba4 Nf6 5. O-O Be7 6. Re1 b5 7. Bb3 d6 8. c3
O-O 9. h3 Nb8 10. d4 Nbd7 11. Nbd2 c5 12. Bc2 Qc7 13. Nf1 Bb7 14. d5 c4 15. Be3
Rfb8 16. Ng3 Bc8 17. Qe2 b4 18. Ba4 bxc3 19. bxc3 Nc5 20. Bc6 Bb7 21. Bxc5 Bxc6
22. dxc6 dxc5 23. Qxc4 g6 24. Rab1 Bd6 25. Rxb8+ Qxb8 26. Ng5 Ra7 27. Rd1 h6 28.
Ne6 Ne8 29. Nxc5 Qb5 30. Qxb5 axb5 31. Nb7 Bc7 32. Rd5 Rxa2 33. Rxb5 Ra6 34. Rc5
Ng7 35. Nf1 Ne6 36. Rc4 Ra1 37. g3 f5 38. exf5 gxf5 39. Kg2 f4 40. Nd2 fxg3 41.
Kxg3 e4+ 42. Kg4 Rg1+ 43. Kf5 Ng5 44. h4 Nf7 45. Rxe4 Rd1 46. Nc4 Rd5+ 47. Ke6
Rd1 48. Rd4 Re1+ 49. Kd7 Be5 50. c7 Bxc7 51. Kxc7 Rf1 52. Rf4 Rc1 53. Rf3 Rh1
54. Nbd6 Nh8 55. Rg3+ Kh7 56. Rg4 Ng6 57. Ne8 Rxh4 58. Rxh4 Nxh4 59. Ne5 Nf5 60.
c4 h5 61. Nf6+ Kh6 62. c5 Kg5 63. Nxh5 Kxh5 64. Kd7 Nd4 65. c6 Nb5 66. c7 Na7
67. Nc6 1-0

[Event "Kramnik Challenge 2021"]
[Site "chess24.com INT"]
[Date "2021.08.14"]
[Round "10.3"]
[White "Bjerre, Jonas Buhl"]
[Black "Saduakassova, Dinara"]
[Result "1/2-1/2"]
[WhiteTitle "GM"]
[BlackTitle "IM"]
[WhiteElo "2550"]
[BlackElo "2483"]
[WhiteFideId "1444948"]
[BlackFideId "13700090"]
[EventDate "2021.08.12"]

1. e4 e5 2. Nf3 Nc6 3. Bb5 a6 4. Ba4 Nf6 5. d3 d6 6. O-O g6 7. c3 Bg7 8. Re1 O-O
9. h3 h6 10. a3 b5 11. Bc2 d5 12. Be3 Be6 13. Nbd2 d4 14. cxd4 exd4 15. Bf4 Ne7
16. Nb3 Bxb3 17. Bxb3 c5 18. Ne5 Nd7 19. Ng4 Kh7 20. e5 Rc8 21. Rc1 Nb6 22. Qd2
Nf5 23. Bc2 Nd5 24. Nh2 g5 25. Bg3 Nxg3 26. fxg3 Kg8 27. Re4 Ne3 28. Nf3 Nxc2
29. Qxc2 Qd7 30. Qe2 Rc6 31. b3 Rfc8 32. Rf1 Re6 33. h4 Qe7 34. hxg5 hxg5 35.
Qd2 Rg6 36. Nh2 c4 37. bxc4 bxc4 38. dxc4 Qxa3 39. Qf2 Qe7 40. Ng4 Rxc4 41. Qa2
Rc7 42. Qd5 Rd7 43. Qc4 Rd8 44. Rxd4 Rxd4 45. Qxd4 Rc6 46. Kh2 Rc2 47. Rb1 Qe6
48. Qe4 Qg6 49. Rb8+ Kh7 50. Qf3 Qh5+ 51. Kg1 Rc1+ 52. Kf2 Qg6 53. Rb2 Rc2+ 54.
Rxc2 Qxc2+ 55. Kg1 Qg6 56. Qd5 Qf5 57. Nf6+ Kg6 58. Nd7 a5 59. Qd6+ Qe6 60. Qd3+
Qf5 61. Qd4 a4 62. Qxa4 Qd3 63. Qc6+ Kh7 64. Kh2 Qf5 65. Qd5 Kg6 66. Qd6+ Qe6
67. Qd4 Qf5 68. Qd5 Qe6 69. Qd3+ Qf5 70. Qd4 Qe6 71. g4 Kh7 72. Qd3+ Kg8 73. Qf5
Qh6+ 74. Kg1 Qh4 75. Qe4 Qg3 76. Nf6+ Bxf6 77. exf6 Qb8 78. Qf5 Qb6+ 79. Kh1 Qe3
80. Kh2 Kh8 81. Qc8+ Kh7 82. Qc2+ Kh6 83. Qf5 Qg3+ 1/2-1/2

[Event "Kramnik Challenge 2021"]
[Site "chess24.com INT"]
[Date "2021.08.14"]
[Round "10.4"]
[White "Maurizzi, Marc Andria"]
[Black "Liang, Awonder"]
[Result "0-1"]
[WhiteTitle "IM"]
[BlackTitle "GM"]
[WhiteElo "2488"]
[BlackElo "2587"]
[WhiteFideId "36083534"]
[BlackFideId "2056437"]
[EventDate "2021.08.12"]

1. e4 c6 2. d4 d5 3. e5 Bf5 4. h4 a6 5. Nc3 h5 6. Nge2 e6 7. Ng3 Bg6 8. Nce2 c5
9. Nf4 Ne7 10. Nxg6 Nxg6 11. Bd3 cxd4 12. f4 Nc6 13. Nxh5 Qc7 14. Bd2 Ngxe5 15.
fxe5 Qxe5+ 16. Qe2 Rxh5 17. O-O-O Qxe2 18. Bxe2 Rh8 19. g4 Bd6 20. g5 g6 21.
Rdf1 Ke7 22. Rf3 Rh7 23. Rhf1 b5 24. Kd1 Ne5 25. Rf4 Rah8 26. Rxd4 Rxh4 27. c3
Nc4 28. Bc1 Rxd4+ 29. cxd4 Rh4 30. b3 Rxd4+ 31. Kc2 Ne5 32. Bb2 Re4 33. Kd1 d4
34. Rh1 Ng4 35. Rh8 Nf2+ 0-1

[Event "Kramnik Challenge 2021"]
[Site "chess24.com INT"]
[Date "2021.08.14"]
[Round "10.5"]
[White "Khademalsharieh, Sarasadat"]
[Black "Mendonca, Leon Luke"]
[Result "0-1"]
[WhiteTitle "IM"]
[BlackTitle "GM"]
[WhiteElo "2494"]
[BlackElo "2537"]
[WhiteFideId "12512214"]
[BlackFideId "35028561"]
[EventDate "2021.08.12"]

1. d4 d5 2. c4 c6 3. Nf3 Nf6 4. e3 Bf5 5. Nc3 e6 6. Nh4 Be4 7. f3 Bg6 8. Qb3 Qc7
9. Bd2 Be7 10. Nxg6 hxg6 11. O-O-O dxc4 12. Bxc4 b5 13. Bd3 a6 14. Kb1 Nbd7 15.
Qc2 Rc8 16. h3 c5 17. dxc5 Nxc5 18. e4 O-O 19. Be3 Nfd7 20. h4 Nxd3 21. Qxd3 Ne5
22. Qe2 Nc4 23. Rc1 Bf6 24. f4 b4 25. Na4 Qc6 26. Nc5 Nxe3 27. Qxe3 Be7 28. Nb3
Qb5 29. e5 Qb7 30. g3 Rfd8 31. Rhd1 Rxd1 32. Rxd1 Kh7 33. Qe2 Kg8 34. Rc1 Rxc1+
35. Nxc1 Bc5 36. Qc4 Bf2 37. Ne2 a5 38. Qd3 Qc6 39. a3 bxa3 40. bxa3 Kh7 41. Kb2
Kh6 42. Nc3 Qg2 43. Ne4 Be1+ 44. Kb3 Qg1 45. Ng5 Qxg3 46. Nxf7+ Kh5 47. Qxg3
Bxg3 48. Ng5 Bxf4 49. Nxe6 Bxe5 50. Nf8 Bd6 51. Ne6 Kxh4 52. Nxg7 Kg5 53. Ne6+
Kf5 54. Nd4+ Ke4 55. Ne6 Ke5 56. Ng5 Kf5 57. Nf7 Be7 58. Ka4 Ke6 59. Nh6 Bd8 60.
Kb5 g5 61. Kc6 Be7 62. Kb5 Bd8 63. Kc6 Kf6 64. Kd7 Bb6 65. Kc6 Bd4 66. Kb5 Bc3
67. Kc4 Be1 68. Kd3 Ke5 69. Ng4+ Kf4 70. Nf6 Kf3 71. Ne4 g4 72. Ng5+ Kf4 73.
Ne6+ Kf5 74. Nd4+ Ke5 75. a4 Kf4 76. Ke2 Bc3 77. Nb5 Bb4 78. Nc7 Ke5 79. Kf2 Bd6
80. Nb5 Kd5 81. Ke3 Bb8 82. Kd3 g3 83. Nc3+ Kc5 84. Nd1 g2 0-1

[Event "Kramnik Challenge 2021"]
[Site "chess24.com INT"]
[Date "2021.08.14"]
[Round "10.6"]
[White "Abdusattorov, Nodirbek"]
[Black "Lei, Tingjie"]
[Result "1-0"]
[WhiteTitle "GM"]
[BlackTitle "GM"]
[WhiteElo "2634"]
[BlackElo "2505"]
[WhiteFideId "14204118"]
[BlackFideId "8605114"]
[EventDate "2021.08.12"]

1. d4 Nf6 2. c4 e6 3. Nc3 Bb4 4. e3 O-O 5. Bd2 d5 6. Nf3 b6 7. cxd5 exd5 8. Rc1
Bb7 9. Bd3 Be7 10. O-O c5 11. Ne5 Nc6 12. Nxc6 Bxc6 13. dxc5 bxc5 14. b3 Qd7 15.
Ne2 Rfd8 16. Ba5 Re8 17. Qc2 Qb7 18. Ng3 c4 19. bxc4 dxc4 20. Bxc4 Bxg2 21. Rb1
Qf3 22. Be2 Qc6 23. Rfc1 Qxc2 24. Rxc2 Bd5 25. f3 Be6 26. e4 Rac8 27. Rbc1 Rxc2
28. Rxc2 Rc8 29. Rxc8+ Bxc8 30. f4 Bc5+ 31. Kg2 g6 32. Bc3 Be7 33. Bd4 h5 34.
Bd3 a5 35. Ne2 Be6 36. Nc3 Kf8 37. Kf3 Bg4+ 38. Kg3 Be6 39. f5 gxf5 40. exf5 Bd7
41. Be5 Ng4 42. Bc7 Bb4 43. Nd5 Be1+ 44. Kf3 Bc6 45. Be4 Nf2 46. Bd6+ Kg7 47.
Be5+ Kf8 48. Bd4 Nxe4 49. Kxe4 a4 50. Ke5 Bd2 51. Nf6 Bf3 52. Kd6 Bf4+ 53. Be5
Bd2 54. Nd7+ Kg8 55. Ke7 Bb4+ 56. Bd6 Bxd6+ 57. Kxd6 a3 58. Ke5 Bd1 59. Nc5 Kg7
60. Kf4 Bc2 61. Na6 Bb3 62. Nb4 Bc4 63. Kg5 h4 64. f6+ Kh7 65. Nc2 Bxa2 66. Nxa3
h3 67. Nb5 Be6 68. Nd6 Kg8 69. Kh6 Kf8 70. Kh7 Bg4 71. Kh8 Be6 72. Ne4 Bf5 73.
Ng5 Bg4 74. Nh7+ Ke8 75. Kg7 Bh5 76. Ng5 1-0

[Event "Kramnik Challenge 2021"]
[Site "chess24.com INT"]
[Date "2021.08.14"]
[Round "10.7"]
[White "Murzin, Volodar"]
[Black "Zhu, Jiner"]
[Result "1-0"]
[WhiteTitle "IM"]
[BlackTitle "WGM"]
[WhiteElo "2505"]
[BlackElo "2455"]
[WhiteFideId "44155573"]
[BlackFideId "8608059"]
[EventDate "2021.08.12"]

1. e4 c5 2. Nf3 d6 3. Bb5+ Bd7 4. Bxd7+ Nxd7 5. O-O Ngf6 6. Qe2 e6 7. b3 Be7 8.
c4 Ne5 9. Nxe5 dxe5 10. Bb2 Nd7 11. f4 exf4 12. Bxg7 Rg8 13. Bb2 Qc7 14. e5 Rg5
15. Na3 a6 16. Rxf4 Nxe5 17. Raf1 O-O-O 18. h4 Ng6 19. Rxf7 Nxh4 20. Rxe7 Qc6
21. Rf2 Nxg2 22. Rxg2 Rdg8 23. Rg7 R8xg7 24. Bxg7 1-0

[Event "Kramnik Challenge 2021"]
[Site "chess24.com INT"]
[Date "2021.08.14"]
[Round "11.1"]
[White "Daggupati, Balaji"]
[Black "Yip, Carissa"]
[Result "0-1"]
[WhiteTitle "FM"]
[BlackTitle "IM"]
[WhiteElo "2429"]
[BlackElo "2404"]
[WhiteFideId "2090759"]
[BlackFideId "2090732"]
[EventDate "2021.08.12"]

1. e4 e5 2. Nf3 Nc6 3. Bb5 a6 4. Ba4 Nf6 5. d4 exd4 6. O-O Be7 7. Re1 O-O 8. e5
Nd5 9. Nxd4 Nb6 10. Bb3 Nxd4 11. Qxd4 d6 12. exd6 Bxd6 13. Bf4 Qh4 14. g3 Qg4
15. h3 Qg6 16. Bxd6 Qxd6 17. Qxd6 cxd6 18. Re7 Rb8 19. Nc3 Bxh3 20. Rae1 Nd7 21.
Kh2 Bf5 22. g4 Bxg4 23. Rg1 Nf6 24. Nd5 Nxd5 25. Rxg4 Nxe7 0-1

[Event "Kramnik Challenge 2021"]
[Site "chess24.com INT"]
[Date "2021.08.14"]
[Round "11.3"]
[White "Lei, Tingjie"]
[Black "Murzin, Volodar"]
[Result "1/2-1/2"]
[WhiteTitle "GM"]
[BlackTitle "IM"]
[WhiteElo "2505"]
[BlackElo "2505"]
[WhiteFideId "8605114"]
[BlackFideId "44155573"]
[EventDate "2021.08.12"]

1. e4 c6 2. d4 d5 3. e5 Bf5 4. Nd2 e6 5. Nb3 Nd7 6. Nf3 Ne7 7. Be2 Nc8 8. O-O
Be7 9. Ne1 c5 10. Nxc5 Nxc5 11. dxc5 Bxc5 12. Bb5+ Kf8 13. Bd3 Ne7 14. Bg5 Bxd3
15. Nxd3 Bb6 16. Qg4 h6 17. Bd2 Nf5 18. Rac1 Rc8 19. b3 Kg8 20. Kh1 Kh7 21. Rfd1
Qh4 22. Qxh4 Nxh4 23. Be1 Rhd8 24. Nb2 Nf5 25. c3 Ne7 26. g3 g5 27. Kg2 Rc6 28.
c4 Ng6 29. cxd5 Rxc1 30. Rxc1 Rxd5 31. Nc4 Nxe5 32. Nxb6 axb6 33. Rc7 Rd7 34.
Rc8 Nc6 35. Kf3 f6 36. Ke3 Kg6 37. Rg8+ Kf7 38. Rh8 Kg7 39. Re8 Ne7 40. Ke2 Kf7
41. Rh8 Kg7 42. Re8 e5 43. Bb4 Nc6 44. Bc3 Kf7 45. Rh8 Kg6 46. Rg8+ Kh7 47. Rc8
h5 48. Rf8 Kg6 49. Rg8+ Kh7 50. Rf8 Kg7 51. Rc8 Ne7 52. Re8 Kf7 53. Rh8 Kg6 54.
h3 Nc6 55. Rc8 b5 56. a3 Kg7 57. Re8 Kf7 58. Rh8 Kg6 59. Rg8+ Rg7 60. Rc8 Rh7
61. Rg8+ Kf5 62. Rf8 h4 63. g4+ Ke6 64. Rc8 Rd7 65. Re8+ Kf7 66. Rc8 Ke6 67.
Re8+ Kd5 68. Rf8 Ke6 69. Re8+ 1/2-1/2

[Event "Kramnik Challenge 2021"]
[Site "chess24.com INT"]
[Date "2021.08.14"]
[Round "11.4"]
[White "Mendonca, Leon Luke"]
[Black "Abdusattorov, Nodirbek"]
[Result "0-1"]
[WhiteTitle "GM"]
[BlackTitle "GM"]
[WhiteElo "2537"]
[BlackElo "2634"]
[WhiteFideId "35028561"]
[BlackFideId "14204118"]
[EventDate "2021.08.12"]

1. Nf3 c5 2. b3 Nc6 3. Bb2 d5 4. e3 Nf6 5. Bb5 Bd7 6. c4 dxc4 7. Bxc4 e6 8. O-O
Rc8 9. Be2 Be7 10. Na3 O-O 11. Nc4 Nd5 12. Rc1 b6 13. d4 cxd4 14. Nxd4 Bf6 15.
Bf3 Nxd4 16. Bxd4 Bb5 17. Bxf6 Qxf6 18. Bxd5 Rfd8 19. e4 exd5 20. exd5 Rc5 21.
d6 Bxc4 22. Rxc4 Rxc4 23. bxc4 Rxd6 24. Qa4 Qe7 25. g3 g6 26. Rd1 Re6 27. Qb3
Re2 28. a4 Qf6 29. Rf1 Qd4 30. Qb5 Rb2 31. Qa6 Qd7 32. Re1 Rb4 33. a5 Ra4 34.
Qb5 Qxb5 35. cxb5 Rxa5 36. Re7 Kg7 37. g4 Rxb5 38. Rxa7 h5 39. h3 hxg4 40. hxg4
Rb4 41. f3 Rb2 42. g5 Rb5 43. f4 Rb4 44. Kg2 Rxf4 45. Kg3 Rf5 46. Kg4 Kf8 47.
Rb7 b5 48. Rc7 Ke8 49. Rc1 Kd7 50. Rb1 Kc6 51. Rc1+ Kd5 52. Rd1+ Kc4 53. Rc1+
Kd3 0-1

[Event "Kramnik Challenge 2021"]
[Site "chess24.com INT"]
[Date "2021.08.14"]
[Round "11.5"]
[White "Liang, Awonder"]
[Black "Khademalsharieh, Sarasadat"]
[Result "1-0"]
[WhiteTitle "GM"]
[BlackTitle "IM"]
[WhiteElo "2587"]
[BlackElo "2494"]
[WhiteFideId "2056437"]
[BlackFideId "12512214"]
[EventDate "2021.08.12"]

1. e4 e5 2. Nf3 Nc6 3. Bb5 a6 4. Ba4 Bc5 5. c3 Nge7 6. O-O Ng6 7. d4 Ba7 8. Bb3
O-O 9. Be3 d6 10. Nbd2 h6 11. Kh1 Qf6 12. dxe5 dxe5 13. Bxa7 Rxa7 14. Nc4 Nf4
15. Ne3 Rd8 16. Nd5 Nxd5 17. exd5 Bg4 18. Qe2 Bxf3 19. gxf3 Ne7 20. c4 Ng6 21.
Rg1 Nh4 22. Rg3 Nf5 23. Rh3 Nd4 24. Qe4 c6 25. Rg1 cxd5 26. cxd5 Rd6 27. Bc4 Ra8
28. Bd3 g6 29. Rg4 Rad8 30. f4 Rxd5 31. Bc4 Qc6 32. Bxd5 Rxd5 33. fxe5 Nf5 34.
Rf3 Kh8 35. e6 fxe6 36. Kg2 g5 37. Rc3 Qd6 38. Qc4 Nh4+ 39. Kh3 Rf5 40. Qd4+
Qxd4 41. Rxd4 Kg7 42. Rd7+ Kg6 43. Kg3 Rb5 44. Rb3 Nf5+ 45. Kg2 Nh4+ 46. Kf1 Rc5
47. Rbxb7 Rc1+ 48. Ke2 Rh1 49. Rb6 Rxh2 50. Rxe6+ Kh5 51. Rxa6 Ng2 52. b4 Nf4+
53. Ke3 Rh1 54. Rdd6 Re1+ 55. Kf3 Kh4 56. Rxh6+ Nh5 57. Ra3 g4+ 58. Kg2 Kg5 59.
Rxh5+ Kxh5 60. b5 Re2 61. b6 1-0

[Event "Kramnik Challenge 2021"]
[Site "chess24.com INT"]
[Date "2021.08.14"]
[Round "11.6"]
[White "Saduakassova, Dinara"]
[Black "Maurizzi, Marc Andria"]
[Result "1/2-1/2"]
[WhiteTitle "IM"]
[BlackTitle "IM"]
[WhiteElo "2483"]
[BlackElo "2488"]
[WhiteFideId "13700090"]
[BlackFideId "36083534"]
[EventDate "2021.08.12"]

1. d4 Nf6 2. Nf3 g6 3. c4 Bg7 4. g3 O-O 5. Bg2 d6 6. Nc3 Nbd7 7. O-O e5 8. e4 c6
9. h3 Re8 10. d5 c5 11. Ne1 Rf8 12. Nd3 Ne8 13. a3 f5 14. b4 b6 15. Rb1 f4 16.
Bd2 g5 17. g4 Rf7 18. f3 h5 19. Be1 Nf8 20. Kf2 Ng6 21. Ke2 Nf6 22. Kd2 Bf8 23.
Kc2 Nh4 24. Bh1 hxg4 25. hxg4 Rh7 26. Kb3 Ng6 27. Bg2 Rh2 28. Rb2 Nh4 29. Bh1
Rh3 30. Bg2 Nxg2 31. Rxg2 Bd7 32. b5 a6 33. a4 axb5 34. axb5 Be7 35. Rff2 Kg7
36. Rh2 Rh8 37. Nb2 Qc7 38. Qe2 Rxh2 39. Rxh2 Be8 40. Nca4 Bg6 41. Bc3 Ng8 42.
Rh1 Nh6 43. Ra1 Rb8 44. Nd3 Nf7 45. Nab2 Rh8 46. Ra6 Qb7 47. Na4 Bd8 48. Qa2 Rh3
49. Qg2 Rh8 50. Qa2 Bc7 51. Nab2 Rb8 52. Ra7 Qc8 53. Qa6 Qd8 54. Na4 Kh6 55. Rb7
Ra8 56. Ra7 Rb8 57. Rb7 Ra8 58. Ra7 Rb8 1/2-1/2

[Event "Kramnik Challenge 2021"]
[Site "chess24.com INT"]
[Date "2021.08.14"]
[Round "11.7"]
[White "Sokolovsky, Yahli"]
[Black "Bjerre, Jonas Buhl"]
[Result "1-0"]
[WhiteTitle "FM"]
[BlackTitle "GM"]
[WhiteElo "2415"]
[BlackElo "2550"]
[WhiteFideId "2820242"]
[BlackFideId "1444948"]
[EventDate "2021.08.12"]

1. e4 c5 2. Nf3 d6 3. d4 cxd4 4. Nxd4 Nf6 5. Nc3 a6 6. h3 e5 7. Nb3 Be7 8. g4 h6
9. Be3 b5 10. Nd5 Bb7 11. Bb6 Qc8 12. Nc7+ Kf8 13. f3 Nbd7 14. Nxa8 Qxa8 15. Bf2
Bxe4 16. Be2 Bg6 17. O-O Nd5 18. h4 f6 19. c4 Nf4 20. h5 Bf7 21. cxb5 Nxe2+ 22.
Qxe2 axb5 23. Nd2 Bd5 24. Qxb5 Bc6 25. Qd3 d5 26. Rfc1 e4 27. Qc3 Bb7 28. fxe4
dxe4 29. Nc4 Kg8 30. Qd4 Nf8 31. Nb6 Qb8 32. Qc4+ Kh7 33. Qc7 Bd6 34. Qxb8 Bxb8
35. a4 Ne6 36. Nd7 Bf4 37. Rc3 Ng5 38. Be3 Bxe3+ 39. Rxe3 Rd8 40. Rd1 Kh8 41.
Rb3 Bc6 42. Rb8 Rxb8 43. Nxb8 Bxa4 44. Rd8+ Kh7 45. Nd7 e3 46. Nf8+ Kg8 47. Ne6+
Kf7 48. Nxg5+ hxg5 49. Kf1 Ke7 50. Rd4 Bb5+ 51. Ke1 e2 52. Kf2 Ke6 53. Re4+ Kd5
54. Re7 Kd4 55. Rxg7 Kd3 56. Re7 Kd2 57. h6 1-0

[Event "Kramnik Challenge 2021"]
[Site "chess24.com INT"]
[Date "2021.08.14"]
[Round "11.8"]
[White "Yoo, Christopher Woojin"]
[Black "Shuvalova, Polina"]
[Result "1-0"]
[WhiteTitle "IM"]
[BlackTitle "IM"]
[WhiteElo "2466"]
[BlackElo "2507"]
[WhiteFideId "30909694"]
[BlackFideId "24171760"]
[EventDate "2021.08.12"]

1. e4 c6 2. Nf3 d5 3. d3 g6 4. e5 c5 5. d4 cxd4 6. Qxd4 Nc6 7. Bb5 Bg7 8. O-O
Nh6 9. c4 O-O 10. Qxd5 Nb4 11. Qe4 Bf5 12. Qh4 Ng4 13. Nc3 Nc2 14. Rb1 a6 15.
Rd1 Qxd1+ 16. Nxd1 axb5 17. Bf4 Nb4 18. Ra1 Nd3 19. h3 Nxf4 20. hxg4 Bd3 21.
cxb5 Ra4 22. Nc3 Rb4 23. Qxe7 Rxb2 24. Qa3 Rc2 25. Nd4 Rd2 26. Qc1 Rc2 27. Nxc2
Bxe5 28. Ne1 Bc4 29. g3 Bxc3 30. Qxf4 1-0